| 000 | 00536nam a2200193 4500 | ||
|---|---|---|---|
| 003 | OSt | ||
| 005 | 20260601193909.0 | ||
| 008 | 260521b2014 mx a|||| |||| 00| 0 spa d | ||
| 040 |
_aICI _bspa _cICI |
||
| 050 |
_aN1 _b.C63 2014 |
||
| 100 |
_aHalilaj, Petrit _eautor _934795 |
||
| 245 |
_aCódigo: _bArte-Arquitectura-Diseño-Moda-Estilo |
||
| 264 |
_aMéxico _bEditorial Codigo. _c2014. |
||
| 300 | _a128 páginas. | ||
| 336 |
_2rdacontent _atexto |
||
| 337 |
_2rdamedia _asin medio |
||
| 338 |
_2rdacarrier _avolumen |
||
| 942 |
_2lcc _n0 _cB |
||
| 999 |
_c22506 _d22506 |
||